Statistics for Top Scorers/Most Capped Players for England

Click here to take the quiz!

General Stats

  • This quiz has been taken 53 times
  • The average score is 15 of 20

Answer Stats

PlaceGoalsPlayer% Correct
8106Frank Lampard
98%
1029Frank Lampard
98%
4114Steven Gerrard
95%
153Wayne Rooney
93%
7106Bobby Charlton
93%
249Bobby Charlton
93%
2120Wayne Rooney
93%
6107Ashley Cole
90%
540Michael Owen
88%
634Harry Kane
86%
3115David Beckham
86%
348Gary Lineker
83%
830Alan Shearer
79%
5108Bobby Moore
76%
1125Peter Shilton
71%
9105Billy Wright
52%
444Jimmy Greaves
38%
1090Brian Robson
38%
930Tom Finney
14%
730Nat Lofthouse
12%

Score Distribution

Percentile by Number Answered

Percent of People with Each Score

Your Score History

You have not taken this quiz